Knihy
Uloženo v:
LEADER 01819nam a22005052a 4500
001 000737907
003 CZ BrMZK
005 20090107112708.0
007 ta
008 040923s1890 xr er|||||||||||cze d
015 |a cnb001239697  |z cnb001513991 
035 |a (OCoLC)6980659 
040 |a ABA001  |b cze  |d BOA001 
045 |a r-r- 
072 7 |a 821.162.3  |x Česká literatura  |2 Konspekt  |9 25 
080 |a (0.072)  |2 MRF 
080 |a 27-23  |2 MRF 
080 |a 783.27  |2 MRF 
080 |a 27-232/-236  |2 MRF 
080 |a 091(=162.3)  |2 MRF 
080 |a 091"04/14"  |2 MRF 
080 |a 821.162.3  |2 MRF 
080 |a (0:82-9)  |2 MRF 
245 0 0 |a Žaltář Klementinský /  |c k vydání upravil Adolf Patera 
260 |a V Praze :  |b Matice česká,  |c 1890  |f (J. Otto) 
300 |a 359 s. ;  |c 18 cm 
490 1 |a Památky staré literatury české ;  |v č. 10, řada 1, odd. 1 
490 1 |a Spisy musejní ;  |v č. 162 
630 0 4 |a Žaltář Klementinský 
650 0 7 |a české rukopisy  |7 ph128150  |y 14. stol.  |2 czenas 
650 0 7 |a středověké rukopisy  |7 ph116322  |2 czenas 
650 0 7 |a česká literatura  |7 ph116858  |y 14. stol.  |2 czenas 
650 0 7 |a žaltáře  |7 ph127913  |2 czenas 
650 0 7 |a biblické texty  |7 ph118860  |2 czenas 
655 7 |a komentovaná vydání  |7 fd132577  |2 czenas 
655 7 |a texty  |7 fd133699  |2 czenas 
700 1 |a Patera, Adolf,  |d 1836-1912  |7 jk01091884  |4 edt 
830 0 |a Památky staré literatury české (Matice česká)  |0 s 
830 0 |a Spisy musejní (Matice česká)  |0 s 
910 |a BOA001  |b 1-0030.267,10  |k k 
964 |a Bohemika - stol. 19. 
990 |a BK 
993 |a Y 
996 6 |b 2619222576  |c 1-0030.267,10  |l MZK  |r Sklad / do 1 hodiny  |n 2  |w 000737907  |u 000010  |a 1  |e BOA001  |j MZK50  |s P 
996 6 |b 2619255318  |c 1-0030.267,10  |l MZK  |r Sklad / do 1 hodiny  |n 1  |w 000737907  |u 000020  |a 1  |e BOA001  |j MZK50  |s P